MARC

LEADER 00000nam0a2200000 4500
001 362917
005 20231102011534.0
035 |a (RuTPU)RU\TPU\retro\20263 
035 |a RU\TPU\retro\15558 
090 |a 362917 
100 |a 20210831d1973 k y0rusy50 ca 
101 0 |a rus 
102 |a RU 
105 |a a z 001zy 
200 1 |a Остракоды ордовика и силура СССР  |f А. И. Нецкая  |g Всесоюзный нефтяной научно-исследовательский геологоразведочный институт 
210 |a Ленинград  |c Недра  |d 1973 
215 |a 104 с.  |c ил. 
225 1 |a Труды Всесоюзного нефтяного научно-исследовательского геологоразведочного института (ВНИГРИ)  |v Вып. 324 
320 |a Библиогр.: с. 85-87 
606 1 |a Остракоды ископаемые  |2 stltpush  |3 (RuTPU)RU\TPU\subj\47597  |9 66519 
610 1 |a древнепалеозойские остракоды 
610 1 |a систематика 
610 1 |a роды 
610 1 |a виды 
610 1 |a Русская платформа 
610 1 |a Сибирская платформа 
610 1 |a ордовик 
610 1 |a силур 
675 |a 565.33  |v 4 
700 1 |a Нецкая  |b А. И.  |g Анна Иосифовна 
712 0 2 |a Всесоюзный нефтяной научно-исследовательский геологоразведочный институт  |c (Ленинград)  |c (1945-1991)  |2 stltpush  |3 (RuTPU)RU\TPU\col\7662  |9 24357 
801 1 |a RU  |b 63413507  |c 20200814 
801 2 |a RU  |b 63413507  |c 20210831  |g RCR 
942 |c BK